| 000 | 00536nam a2200193Ia 4500 | ||
|---|---|---|---|
| 005 | 20260429112302.0 | ||
| 008 | 260429s9999||||xx |||||||||||||| ||und|| | ||
| 020 | _a9783031571510 | ||
| 041 | _aEnglish | ||
| 082 |
_a620.11 _bPER |
||
| 100 | _aPerez, Nestor | ||
| 245 | 0 |
_aMaterials science : _btheory and engineering / _cNestor Perez |
|
| 260 |
_aSwitzerland : _bSpringer, _c2024. |
||
| 300 | _axxiii, 917 p.; hb | ||
| 650 | _a Applied physics | ||
| 650 | _a Engineering materials | ||
| 650 | _aMaterials science | ||
| 942 | _cTB | ||
| 999 |
_c53313 _d53313 |
||